[Event "IECC KO-2112"]
[Site "IECC email"]
[Date "2012.09.17"]
[Round "?"]
[White "Martinez, Jesus Manza"]
[Black "Magalhaes, Marcos"]
[Result "0-1"]
[WhiteElo "1307"]
[BlackElo "1907"]
[PlyCount "103"]
[EventDate "2011.??.??"]
[EventType "tourn (corr)"]
[SourceTitle "Telechess CBM 165"]
[Source "ChessBase"]
[SourceDate "2015.03.11"]
[SourceVersion "1"]
[SourceVersionDate "2015.03.11"]
[SourceQuality "1"]
[WhiteTeam "SPA"]
[BlackTeam "Brazil"]
[BlackTeamCountry "BRA"]

1. e4 e6 2. d4 d5 3. Nc3 Nf6 4. Bg5 dxe4 5. Nxe4 Be7 6. Bxf6 gxf6 7. Nf3 Nc6 8. Bb5 Bd7 9. c3 f5 10. Ng3 a6 11. Ba4 Bd6 12. 0-0 Qf6 13. b4 0-0-0 14. b5 axb5 15. Bxb5 h5 16. Rb1 h4 17. Ne2 Rdg8 18. Kh1 Qg6 19. Rg1 h3 20. gxh3 Qh7 21. Rxg8+ Rxg8 22. Qa4 Qxh3 23. Ng3 Qg4 24. Nd2 Kd8 25. Rg1 Qf4 26. Rg2 Ne7 27. Bxd7 Qxd2 28. Bb5 Qe1+ 29. Rg1 Qxf2 30. Qa8+ Nc8 31. Qxb7 Rh8 32. Rg2 Qe1+ 33. Nf1 Qxc3 34. Ba6 Ke7 35. Qb2 Qa5 36. Bb7 Nb6 37. Qe2 Nd5 38. Qa6 Qxa6 39. Bxa6 Rh4 40. Rd2 c6 41. a4 Bc7 42. Bb7 Kd7 43. Rc2 Ne7 44. Rc4 Rh3 45. Ba6 Rb3 46. Rc2 Nd5 47. Bc4 Rb1 48. Ra2 Ne3 49. Bd3 Rc1 50. Kg1 Bb6 51. Kf2 Nd5 52. Ra3 0-1

[Event "IECC KO-3081"]
[Site "IECC email"]
[Date "2012.07.24"]
[Round "?"]
[White "Basson, Heinrich"]
[Black "Magalhaes, Marcos"]
[Result "1/2-1/2"]
[WhiteElo "1702"]
[BlackElo "1921"]
[PlyCount "57"]
[EventDate "2011.??.??"]
[EventType "match (corr)"]
[EventRounds "2"]
[SourceTitle "Telechess CBM 165"]
[Source "ChessBase"]
[SourceDate "2015.03.11"]
[SourceVersion "1"]
[SourceVersionDate "2015.03.11"]
[SourceQuality "1"]
[WhiteTeam "South Africa"]
[BlackTeam "Brazil"]
[WhiteTeamCountry "RSA"]
[BlackTeamCountry "BRA"]

1. d4 Nf6 2. c4 c6 3. Nc3 d5 4. Nf3 dxc4 5. a4 Bf5 6. e3 Nbd7 7. Be2 e6 8. 0-0 Bb4 9. Bxc4 0-0 10. Bd3 c5 11. Bxf5 exf5 12. Qd3 g6 13. Bd2 Rc8 14. Rfc1 cxd4 15. exd4 Nc5 16. Qb5 Bxc3 17. bxc3 a6 18. Qb1 Nce4 19. Qxb7 Qd6 20. Qb2 Ng4 21. c4 Ngxf2 22. c5 Qd8 23. Ra3 Rb8 24. Qa2 Nxd2 25. Qxd2 Ne4 26. Qd3 Qd5 27. Qxa6 Rb2 28. Qd3 g5 29. a5 1/2-1/2

[Event "IECC Swiss-556.4"]
[Site "IECC email"]
[Date "2012.04.30"]
[Round "?"]
[White "Martins, Karin"]
[Black "Magalhaes, Marcos"]
[Result "1/2-1/2"]
[WhiteElo "1820"]
[BlackElo "1895"]
[PlyCount "66"]
[EventDate "2012.??.??"]
[EventType "swiss (corr)"]
[EventRounds "1"]
[SourceTitle "Telechess CBM 165"]
[Source "ChessBase"]
[SourceDate "2015.03.11"]
[SourceVersion "1"]
[SourceVersionDate "2015.03.11"]
[SourceQuality "1"]
[WhiteTeam "Germany"]
[BlackTeam "Brazil"]
[WhiteTeamCountry "GER"]
[BlackTeamCountry "BRA"]

1. e4 e6 2. d4 d5 3. e5 c5 4. c3 Nc6 5. Nf3 Qb6 6. Be2 cxd4 7. cxd4 Nge7 8. Nc3 Nf5 9. Na4 Qa5+ 10. Bd2 Bb4 11. Bc3 Bxc3+ 12. Nxc3 Qb6 13. Nb5 a6 14. g4 axb5 15. gxf5 exf5 16. Rg1 g6 17. Qd3 Bd7 18. Rg2 Nd8 19. Bd1 Ne6 20. Qd2 b4 21. Bb3 Ra5 22. Kf1 0-0 23. Rg3 Ba4 24. Bxa4 f4 25. Bb3 fxg3 26. hxg3 Kg7 27. Kg2 h6 28. Rh1 Rh8 29. Qe3 Nd8 30. Ng1 Nc6 31. Ne2 h5 32. Rh4 Ne7 33. Rf4 Qd8 1/2-1/2

[Event "IECC CL3-2012.02 email"]
[Site "IECC email"]
[Date "2012.03.30"]
[Round "?"]
[White "Van der Mark, Niels"]
[Black "Magalhaes, Marcos"]
[Result "1/2-1/2"]
[WhiteElo "1911"]
[BlackElo "1871"]
[PlyCount "33"]
[EventDate "2012.??.??"]
[EventType "tourn (corr)"]
[EventRounds "4"]
[SourceTitle "Corr 2015"]
[Source "ChessBase"]
[SourceDate "2015.07.17"]
[SourceVersion "1"]
[SourceVersionDate "2015.07.17"]
[SourceQuality "1"]
[WhiteTeam "Netherlands"]
[BlackTeam "Brazil"]
[WhiteTeamCountry "NED"]
[BlackTeamCountry "BRA"]

1. e4 e6 2. d4 d5 3. Nd2 c5 4. exd5 exd5 5. Ngf3 Nc6 6. Bb5 Bd6 7. dxc5 Bxc5 8. 0-0 Nge7 9. Nb3 Bd6 10. Re1 0-0 11. c3 Re8 12. Bg5 h6 13. Bh4 Bg4 14. Qd3 Qb6 15. Bxe7 Rxe7 16. Qxd5 Bxf3 17. Qxd6 1/2-1/2

[Event "IECC KO-2112"]
[Site "IECC email"]
[Date "2012.03.17"]
[Round "?"]
[White "Pfister, Bernard"]
[Black "Magalhaes, Marcos"]
[Result "0-1"]
[WhiteElo "1418"]
[BlackElo "1884"]
[PlyCount "23"]
[EventDate "2011.??.??"]
[EventType "tourn (corr)"]
[SourceTitle "Corr 2020"]
[Source "ChessBase"]
[SourceDate "2019.09.30"]
[SourceVersion "1"]
[SourceVersionDate "2019.09.30"]
[SourceQuality "1"]
[WhiteTeam "Turkey"]
[BlackTeam "Brazil"]
[WhiteTeamCountry "TUR"]
[BlackTeamCountry "BRA"]

1. e4 e6 2. d4 d5 3. e5 c5 4. dxc5 Bxc5 5. Qg4 Kf8 6. Nf3 Qb6 7. Qg3 Ne7 8. Bd3 Nbc6 9. a3 Nf5 10. Bxf5 exf5 11. 0-0 d4 12. b4 0-1

[Event "IECC KO-3081"]
[Site "IECC email"]
[Date "2012.02.29"]
[Round "?"]
[White "Porkolab, Sandor"]
[Black "Magalhaes, Marcos"]
[Result "0-1"]
[WhiteElo "1881"]
[BlackElo "1870"]
[PlyCount "24"]
[EventDate "2011.??.??"]
[EventType "match (corr)"]
[EventRounds "2"]
[SourceTitle "Corr 2020"]
[Source "ChessBase"]
[SourceDate "2019.09.30"]
[SourceVersion "1"]
[SourceVersionDate "2019.09.30"]
[SourceQuality "1"]
[WhiteTeam "Hungary"]
[BlackTeam "Brazil"]
[WhiteTeamCountry "HUN"]
[BlackTeamCountry "BRA"]

1. Nf3 Nf6 2. d4 d5 3. c4 c6 4. e3 Bf5 5. Nc3 e6 6. Nh4 Bg6 7. Nxg6 hxg6 8. Bd2 Nbd7 9. h3 Qc7 10. Rc1 g5 11. cxd5 exd5 12. Be2 Bb4 0-1

[Event "IECC CL3-2011.10 email"]
[Site "IECC email"]
[Date "2012.01.04"]
[Round "?"]
[White "Magalhaes, Marcos"]
[Black "Elliott, Thomas"]
[Result "0-1"]
[WhiteElo "1848"]
[BlackElo "1969"]
[PlyCount "84"]
[EventDate "2011.??.??"]
[EventType "tourn (corr)"]
[EventRounds "4"]
[SourceTitle "Telechess CBM 165"]
[Source "ChessBase"]
[SourceDate "2015.03.11"]
[SourceVersion "1"]
[SourceVersionDate "2015.03.11"]
[SourceQuality "1"]
[WhiteTeam "Brazil"]
[WhiteTeamCountry "BRA"]

1. d4 Nf6 2. c4 e6 3. Nf3 d5 4. g3 Bb4+ 5. Bd2 Be7 6. Bg2 c6 7. Qc2 0-0 8. 0-0 b6 9. Ne5 Bb7 10. cxd5 cxd5 11. Rc1 Ne8 12. Nc3 Nd7 13. e4 Nxe5 14. dxe5 d4 15. Nb5 a6 16. Na3 a5 17. Qb3 a4 18. Qc4 Bc5 19. Qd3 f6 20. exf6 Nxf6 21. Nc4 Ng4 22. f4 Ne3 23. Bh3 Kh8 24. b4 axb3 25. axb3 Nxc4 26. bxc4 Qe7 27. e5 Bc6 28. Bg2 Qb7 29. Bxc6 Qxc6 30. Kf2 Ra4 31. Qf3 Qd7 32. Kg2 Kg8 33. Rxa4 Qxa4 34. Kh3 g6 35. g4 Qa2 36. Be1 Qb2 37. Rd1 Qc2 38. Ra1 g5 39. Ra8 gxf4 40. Rxf8+ Kxf8 41. Qxf4+ Ke8 42. Kg3 Qxc4 0-1

[Event "IECC Swiss-556.3"]
[Site "IECC email"]
[Date "2011.11.06"]
[Round "?"]
[White "Magalhaes, Marcos"]
[Black "Simmelink, Joop Theo"]
[Result "1/2-1/2"]
[WhiteElo "1822"]
[BlackElo "2264"]
[PlyCount "68"]
[EventDate "2011.??.??"]
[EventType "swiss (corr)"]
[EventRounds "1"]
[SourceTitle "Telechess CBM 165"]
[Source "ChessBase"]
[SourceDate "2015.03.11"]
[SourceVersion "1"]
[SourceVersionDate "2015.03.11"]
[SourceQuality "1"]
[WhiteTeam "Brazil"]
[BlackTeam "Netherlands"]
[WhiteTeamCountry "BRA"]
[BlackTeamCountry "NED"]

1. d4 d5 2. c4 c6 3. Nf3 Nf6 4. Nc3 e6 5. g3 dxc4 6. Bg2 Nbd7 7. 0-0 b5 8. Qc2 Bb7 9. Rd1 Be7 10. b3 cxb3 11. axb3 0-0 12. Bd2 a5 13. Ne5 Nxe5 14. dxe5 Nd5 15. Ne4 b4 16. Bf3 Qc7 17. Nd6 Bxd6 18. exd6 Qxd6 19. e4 Nc3 20. Bxc3 Qc5 21. Rdc1 Qxc3 22. Qxc3 bxc3 23. Rxc3 Rfd8 24. h4 g6 25. e5 Kg7 26. Ra4 h5 27. Kg2 Ba6 28. Rxc6 Bb5 29. Rd6 Rxd6 30. exd6 Ra6 31. Ra1 Kf8 32. Ra2 Ke8 33. Rc2 Kd8 34. Rc5 Be8 1/2-1/2

[Event "IECC CL4-2011.07 email"]
[Site "IECC email"]
[Date "2011.08.22"]
[Round "?"]
[White "Mauro, Danilo"]
[Black "Magalhaes, Marcos"]
[Result "1/2-1/2"]
[WhiteElo "1662"]
[BlackElo "1767"]
[PlyCount "72"]
[EventDate "2011.??.??"]
[EventType "tourn (corr)"]
[EventRounds "4"]
[SourceTitle "Telechess CBM 149"]
[Source "ChessBase"]
[SourceDate "2012.07.17"]
[SourceVersion "1"]
[SourceVersionDate "2012.07.17"]
[SourceQuality "1"]
[WhiteTeam "Italy"]
[BlackTeam "Brazil"]
[WhiteTeamCountry "ITA"]
[BlackTeamCountry "BRA"]

1. e4 e6 2. d4 d5 3. Nc3 Nf6 4. e5 Nfd7 5. f4 c5 6. Nf3 Nc6 7. Be3 Be7 8. Qd2 0-0 9. Be2 b6 10. Nd1 Bb7 11. c3 Na5 12. b3 Rc8 13. 0-0 Qc7 14. Rc1 cxd4 15. cxd4 Qxc1 16. Qxc1 Rxc1 17. Bxc1 Rc8 18. Bb2 Nb8 19. Nc3 Ba6 20. Rc1 Bxe2 21. Nxe2 Rxc1+ 22. Bxc1 Na6 23. Nc3 Nc6 24. Kf2 h5 25. a3 Nc7 26. Ke3 Na5 27. b4 Nc4+ 28. Kd3 a5 29. bxa5 bxa5 30. Nb1 Nb5 31. a4 Na7 32. Nbd2 Nb6 33. Nb3 Nc6 34. Bd2 Nxa4 35. Nxa5 Nb2+ 36. Ke2 Nxa5 1/2-1/2

[Event "IECC KO-5079"]
[Site "IECC email"]
[Date "2011.07.12"]
[Round "?"]
[White "Magalhaes, Marcos"]
[Black "Spiljard, Jan"]
[Result "1-0"]
[WhiteElo "1757"]
[BlackElo "1511"]
[PlyCount "31"]
[EventDate "2011.??.??"]
[EventType "match (corr)"]
[EventRounds "2"]
[SourceTitle "Corr 2020"]
[Source "ChessBase"]
[SourceDate "2019.09.30"]
[SourceVersion "1"]
[SourceVersionDate "2019.09.30"]
[SourceQuality "1"]
[WhiteTeam "Brazil"]
[BlackTeam "Scotland"]
[WhiteTeamCountry "BRA"]
[BlackTeamCountry "SCO"]

1. d4 Nf6 2. c4 g6 3. Nc3 Bg7 4. e4 d6 5. Nf3 0-0 6. Be2 c5 7. d5 Qb6 8. 0-0 Bg4 9. h3 Bxf3 10. Bxf3 Nbd7 11. Rb1 Rfe8 12. Be3 Qa6 13. Qb3 Qb6 14. Qc2 Qa6 15. Nb5 Rac8 16. Be2 1-0

[Event "IECC KO-3081"]
[Site "IECC email"]
[Date "2011.06.28"]
[Round "?"]
[White "Wenger, Joseph"]
[Black "Magalhaes, Marcos"]
[Result "0-1"]
[WhiteElo "1723"]
[BlackElo "1708"]
[PlyCount "64"]
[EventDate "2011.??.??"]
[EventType "match (corr)"]
[EventRounds "2"]
[SourceTitle "Telechess CBM 145"]
[Source "Chessbase"]
[SourceDate "2011.11.11"]
[SourceVersion "1"]
[SourceVersionDate "2011.11.11"]
[SourceQuality "1"]
[WhiteTeam "US of America"]
[BlackTeam "Brazil"]
[WhiteTeamCountry "USA"]
[BlackTeamCountry "BRA"]

1. e4 c6 2. d4 d5 3. Nc3 dxe4 4. Nxe4 Bf5 5. Ng3 Bg6 6. h4 h6 7. Nf3 e6 8. c3 Nd7 9. Bd3 Bxd3 10. Qxd3 Bd6 11. Ne4 Bc7 12. 0-0 Ngf6 13. Bd2 Nxe4 14. Qxe4 Nf6 15. Qe3 Qd5 16. Qd3 0-0-0 17. c4 Qh5 18. Bc3 Rhg8 19. Rfe1 g5 20. d5 Ng4 21. Bd4 gxh4 22. dxc6 h3 23. g3 h2+ 24. Kg2 Nxf2 25. cxb7+ Kb8 26. Kxf2 Bxg3+ 27. Ke3 Bxe1 28. Rxe1 Rg3 29. Qe4 Rxd4 30. Qxd4 Qxf3+ 31. Kd2 Rg8 32. Qd6+ Kxb7 0-1

[Event "IECC CL4-2011.04 email"]
[Site "IECC email"]
[Date "2011.06.08"]
[Round "?"]
[White "Basson, Heinrich"]
[Black "Magalhaes, Marcos"]
[Result "1/2-1/2"]
[WhiteElo "1700"]
[BlackElo "1708"]
[PlyCount "37"]
[EventDate "2011.??.??"]
[EventType "tourn (corr)"]
[EventRounds "4"]
[SourceTitle "Telechess CBM 145"]
[Source "Chessbase"]
[SourceDate "2011.11.11"]
[SourceVersion "1"]
[SourceVersionDate "2011.11.11"]
[SourceQuality "1"]
[WhiteTeam "South Africa"]
[BlackTeam "Brazil"]
[WhiteTeamCountry "RSA"]
[BlackTeamCountry "BRA"]

1. d4 Nf6 2. c4 g6 3. Nc3 Bg7 4. e4 d6 5. Nf3 0-0 6. Be2 e5 7. dxe5 dxe5 8. Qxd8 Rxd8 9. Bg5 Be6 10. Nxe5 h6 11. Bh4 g5 12. Bg3 Na6 13. Nf3 Nh5 14. Nd2 Nxg3 15. hxg3 Nc5 16. 0-0-0 Bxc3 17. bxc3 Kg7 18. Kc2 Bd7 19. f3 1/2-1/2

[Event "IECC CL4-2011.04 email"]
[Site "IECC email"]
[Date "2011.06.08"]
[Round "?"]
[White "Magalhaes, Marcos"]
[Black "Ochoa, Rodrigo Cedeno"]
[Result "1/2-1/2"]
[WhiteElo "1763"]
[BlackElo "1459"]
[PlyCount "75"]
[EventDate "2011.??.??"]
[EventType "tourn (corr)"]
[EventRounds "4"]
[SourceTitle "Telechess CBM 149"]
[Source "ChessBase"]
[SourceDate "2012.07.17"]
[SourceVersion "1"]
[SourceVersionDate "2012.07.17"]
[SourceQuality "1"]
[WhiteTeam "Brazil"]
[BlackTeam "Colombia"]
[WhiteTeamCountry "BRA"]
[BlackTeamCountry "COL"]

1. d4 d5 2. c4 dxc4 3. Nf3 a6 4. e3 e6 5. Bxc4 Nf6 6. Nc3 b5 7. Bd3 Bb7 8. e4 c5 9. e5 cxd4 10. Nxd4 Nd5 11. 0-0 Nxc3 12. bxc3 Qd5 13. Qg4 Nd7 14. f4 h5 15. Qh3 Rc8 16. Bb2 Nc5 17. Be2 g6 18. Bf3 Qd7 19. Ba3 Na4 20. Bxf8 Kxf8 21. Nxe6+ fxe6 22. Rad1 Qf7 23. Bxb7 Qxb7 24. Qxe6 Qb6+ 25. Qxb6 Nxb6 26. Rd6 Nc4 27. Rxg6 Rg8 28. Rxa6 Ne3 29. Rf2 Rxc3 30. Rd2 Ke7 31. g3 Rgc8 32. Rdd6 Ng4 33. Ra7+ R3c7 34. Rxc7+ Rxc7 35. h3 Ne3 36. Kf2 Nf5 37. Rd3 Rc4 38. a3 1/2-1/2

[Event "IECC CL4-2011.03 email"]
[Site "IECC email"]
[Date "2011.05.08"]
[Round "?"]
[White "Magalhaes, Marcos"]
[Black "Bertel, Michael"]
[Result "1-0"]
[WhiteElo "1755"]
[BlackElo "1792"]
[PlyCount "111"]
[EventDate "2011.??.??"]
[EventType "tourn (corr)"]
[EventRounds "4"]
[SourceTitle "Telechess CBM 149"]
[Source "ChessBase"]
[SourceDate "2012.07.17"]
[SourceVersion "1"]
[SourceVersionDate "2012.07.17"]
[SourceQuality "1"]
[WhiteTeam "Brazil"]
[BlackTeam "US of America"]
[WhiteTeamCountry "BRA"]
[BlackTeamCountry "USA"]

1. d4 Nf6 2. c4 d5 3. cxd5 e6 4. dxe6 Bxe6 5. Nc3 Bb4 6. Nf3 c5 7. e3 Nc6 8. a3 Ba5 9. Bb5 Qb6 10. 0-0 Bxc3 11. Bxc6+ Qxc6 12. Ne5 Qc7 13. bxc3 0-0 14. f3 Rfd8 15. Bb2 Nd7 16. Nd3 Bc4 17. e4 Qb6 18. Rf2 Qa6 19. Nf4 Rac8 20. Qe1 Nb6 21. d5 Bb5 22. Bc1 Re8 23. a4 Bc4 24. Be3 Nxa4 25. Rd2 Red8 26. d6 b5 27. e5 Qa5 28. Nh5 Qxc3 29. Bh6 Bd3 30. Bxg7 Qd4+ 31. Kh1 Qc4 32. Rc1 Nc3 33. Rxc3 Qxc3 34. e6 Qc4 35. e7 Qe6 36. Be5 Rxd6 37. Nf6+ Kh8 38. Qe3 Qxe5 39. Qxe5 Re6 40. Qxe6 fxe6 41. Rxd3 Kg7 42. Rd8 Kxf6 43. e8Q Rxd8 44. Qxd8+ Ke5 45. Qb8+ Kd4 46. Qxb5 c4 47. Qd7+ Kc3 48. Qxa7 h5 49. Kg1 h4 50. Qe3+ Kb2 51. Qd4+ Kb3 52. Kf2 h3 53. g3 c3 54. Ke2 c2 55. Kd2 e5 56. Qc5 1-0

[Event "IECC CL4-2011.03 email"]
[Site "IECC email"]
[Date "2011.05.08"]
[Round "?"]
[White "Magalhaes, Marcos"]
[Black "Ng, Willy C"]
[Result "1-0"]
[WhiteElo "1725"]
[BlackElo "1756"]
[PlyCount "51"]
[EventDate "2011.??.??"]
[EventType "tourn (corr)"]
[EventRounds "4"]
[SourceTitle "Telechess CBM 145"]
[Source "Chessbase"]
[SourceDate "2011.11.11"]
[SourceVersion "1"]
[SourceVersionDate "2011.11.11"]
[SourceQuality "1"]
[WhiteTeam "Brazil"]
[BlackTeam "Philippines"]
[WhiteTeamCountry "BRA"]
[BlackTeamCountry "PHI"]

1. d4 g6 2. e4 Bg7 3. Nc3 d6 4. Be3 a6 5. h3 b5 6. Nf3 Bb7 7. a4 b4 8. Nd5 a5 9. Bc4 e6 10. Bg5 f6 11. Nf4 fxg5 12. Nxe6 Qe7 13. Qd3 Nf6 14. 0-0 Bxe4 15. Qb3 d5 16. Nfxg5 Kd7 17. Nxe4 dxe4 18. f3 e3 19. Qxe3 Re8 20. Rfe1 Kc8 21. Qf2 c6 22. Qg3 Bh6 23. Nc5 Be3+ 24. Kf1 Ra7 25. Be6+ Nbd7 26. Rxe3 1-0

[Event "IECC CL5-2011.03 email"]
[Site "IECC email"]
[Date "2011.02.18"]
[Round "?"]
[White "Hargreaves, John Richard"]
[Black "Magalhaes, Marcos"]
[Result "0-1"]
[WhiteElo "1551"]
[BlackElo "1618"]
[PlyCount "104"]
[EventDate "2011.??.??"]
[EventType "tourn (corr)"]
[EventRounds "4"]
[SourceTitle "Telechess CBM 145"]
[Source "Chessbase"]
[SourceDate "2011.11.11"]
[SourceVersion "1"]
[SourceVersionDate "2011.11.11"]
[SourceQuality "1"]
[WhiteTeam "England"]
[BlackTeam "Brazil"]
[WhiteTeamCountry "ENG"]
[BlackTeamCountry "BRA"]

1. e4 e6 2. Nf3 c5 3. c4 Nc6 4. d3 Nf6 5. Bg5 h6 6. Be3 d5 7. Be2 Be7 8. 0-0 dxe4 9. dxe4 Nxe4 10. Qxd8+ Kxd8 11. Rd1+ Kc7 12. Bd3 Rd8 13. Na3 Ng5 14. Nb5+ Kb6 15. Ne1 f5 16. f4 Nf7 17. Nc2 g5 18. fxg5 hxg5 19. b4 a5 20. bxc5+ Bxc5 21. Bxc5+ Kxc5 22. Be2 a4 23. Rxd8 Ncxd8 24. Rd1 Nc6 25. Kf2 Ra5 26. a3 Nce5 27. Ne1 Bd7 28. Nf3 Ng4+ 29. Kg1 Nf6 30. h3 e5 31. Nc3 e4 32. Nd4 Nd6 33. Ncb5 Nxb5 34. Nxb5 Ra6 35. Nc3 Rd6 36. Rb1 Rd2 37. Rxb7 Kd4 38. Nd5 Bc6 39. Rb6 Nxd5 40. Rxc6 Ne3 41. Kf2 Ra2 42. Rc8 Nxg2 43. Rd8+ Ke5 44. Kxg2 Rxe2+ 45. Kf1 Rc2 46. Rd5+ Kf4 47. c5 e3 48. c6 Ke4 49. Rb5 Rxc6 50. Ke2 Rd6 51. Rb4+ Rd4 52. Rb2 f4 0-1

[Event "IECC Swiss-542.1"]
[Site "IECC email"]
[Date "2009.05.12"]
[Round "?"]
[White "Russo, Pasquale"]
[Black "Magalhaes, Marcos"]
[Result "0-1"]
[WhiteElo "1119"]
[BlackElo "1377"]
[PlyCount "32"]
[EventDate "2009.??.??"]
[EventType "tourn (corr)"]
[EventRounds "1"]
[SourceTitle "Corr 2011"]
[Source "ChessBase"]
[SourceDate "2010.08.31"]
[SourceVersion "1"]
[SourceVersionDate "2010.08.31"]
[SourceQuality "1"]
[WhiteTeam "Italy"]
[BlackTeam "Brazil"]
[WhiteTeamCountry "ITA"]
[BlackTeamCountry "BRA"]

1. d4 Nf6 2. c4 e6 3. Bg5 Bb4+ 4. Nc3 h6 5. Bh4 c5 6. e3 cxd4 7. exd4 Nc6 8. d5 g5 9. dxc6 gxh4 10. cxd7+ Bxd7 11. Qc2 Bc6 12. Rd1 Qc7 13. h3 Ne4 14. f3 Qg3+ 15. Ke2 Qf2+ 16. Kd3 Nc5# 0-1